Tool for RF optimization & troubleshooting for GSM networks / (Record no. 183539)

000 -LEADER
fixed length control field 00653 a2200193 4500
003 - CONTROL NUMBER IDENTIFIER
control field NUST
005 - DATE AND TIME OF LATEST TRANSACTION
control field 20251113180905.0
040 ## - CATALOGING SOURCE
Transcribing agency Nust
082 ## - DEWEY DECIMAL CLASSIFICATION NUMBER
Classification number 621.382,FAZ
100 ## - MAIN ENTRY--PERSONAL NAME
Personal name Fazal, GC Waqas (TCC-14)
9 (RLIN) 131899
245 ## - TITLE STATEMENT
Title Tool for RF optimization & troubleshooting for GSM networks /
Statement of responsibility, etc. GC Waqas Fazal and GC Ajlaan
260 ## - PUBLICATION, DISTRIBUTION, ETC.
Place of publication, distribution, etc. Rawalpindi
Name of publisher, distributor, etc. MCS (NUST)
Date of publication, distribution, etc. 2006
300 ## - PHYSICAL DESCRIPTION
Extent 49 p.;
505 ## - FORMATTED CONTENTS NOTE
Formatted contents note Introduction (Page-1), Mobile Station (Page-3), GSM Architecture (Page-7), Statistics (Page-33), Designing Tool (Page-46).
650 ## - SUBJECT ADDED ENTRY--TOPICAL TERM
Topical term or geographic name entry element UG Projects
9 (RLIN) 98716
651 ## - SUBJECT ADDED ENTRY--GEOGRAPHIC NAME
Geographic name TCC-14
700 ## - ADDED ENTRY--PERSONAL NAME
Personal name Supervised by Mr. Zuhair
9 (RLIN) 131900
942 ## - ADDED ENTRY ELEMENTS (KOHA)
Koha item type Project Report
Source of classification or shelving scheme
Holdings
Withdrawn status Lost status Source of classification or shelving scheme Damaged status Not for loan Permanent Location Current Location Shelving location Date acquired Full call number Barcode Date last seen Price effective from Koha item type Public note
          Military College of Signals (MCS) Military College of Signals (MCS) Reference 12/12/2016 621.382,FAZ MCSPTC-71 12/08/2016 12/12/2016 Project Report Almirah No. 94, Shelf No. 2
© 2023 Central Library, National University of Sciences and Technology. All Rights Reserved.